Представление документа в формате RUSMARC

ПолеНазваниеЗначение
  Тип записи c
  Библиографический уровень m
001 Контрольный номер RU/УОНБ/EK_N/604591229
005 Дата корректировки 20260403165546.3
010 Индекс ISBN __
9 Тираж 400 экз.
013 Номер (ISMN) __
a Номер (ISMN) 979-0-66006-016-2
d Цена 317 р.
071 Издательские номер (звукозапись и ноты) 21
a Номер, присвоенный агентством 15908
100 Данные общей обработки __
a Данные общей обработки 20190227d2013 u y0rusy0189 ca
101 Язык документа 0_
a Язык текста rus
f Язык титульного листа rus
102 Страна публикации __
a Страна публикации RU
125 Кодированные данные звукозаписи и нотных изданий __
a Форма изложения нотного текста с
128 Кодированные данные (звукозаписи-физические характеристики) __
a Кодированные данные: Музыкальная форма и тональность или лад chs
b Инструменты или голоса, необходимые для ансамблей (устаревшее) cu
c Инструменты или голоса, рекомендуемые для солистов (устаревшее) vu
200 Заглавие и сведения об ответственности 1_
a Заглавие Вып. 3
e Сведения, относящиеся к заглавию песни и хоры для учащихся старших классов
e Сведения, относящиеся к заглавию [для пения (соло, ансамбль, хор) с сопровождением и без сопровождения фортепиано]
f Первые сведения об ответственности составители Л. И. Уколова и М. С. Осеннева
203 Вид содержания и тип средства __
a Вид содержания Музыка
b Характеристика содержания знаковая
c Тип средства непосредственная
210 Выходные данные 1_
d Дата издания 2013
215 Физическое описание __
a Объем 96 с.
300 Общие примечания __
a Общие примечания С метод. рекомендациями сост.
327 Примечание о содержании 11
a Примечание о содержании Содерж.: Раздел 1 : Народные песни : Как по травкам, по муравкам : рус. ; Уж ты, сад : рус. / обраб. В. Калистратова. Где ты, колечко? : греч. / обраб. Вл. Соколова ; рус. текст Э. Александровой. Речка : пол. / обраб. Вл. Соколова ; рус. текст Ю. Объедова. Русалка : швед. / рус. текст В. Татаринова. Пряха : рус. / обраб. С. Погребова. Колыбельная : неаполитанская / обраб. В. Мельо ; рус. текст М. Улицкого. Чешская полька / обраб. Р. Габичвадзе ; рус. текст М. Арцыбашева. Как по морю : рус. / обраб. В. Самарина. Раздел 2 : Произведения композиторов-классиков : Лассо О. Domine Deus. Бах И. С. Сицилиана / обраб. для хора С. Саркизова. Перголези Дж. Ах, зачем я не лужайка / сл. Рибутта ; пер. неизв. авт. Гайдн Й. К дружбе / пер. Н. Мясоедова. Бетховен Л. ван. Менуэт / сл. М. Павловой ; перелож. для дет. хора Л. Бартеневой. Шуберт Ф. Серенада : из цикла "Лебединая песнь" / сл. Л. Рельштаба ; пер. Н. Огарева. Кастальский А. Тебе поем. Чесноков П. Благослови, душе моя, Господа. Глинка М. Патриотическая песня / сл. А. Машистова ; перелож. для дет. хора Г. Беззубова ; Попутная песня / сл. Н. Кукольника ; перелож. для дет. хора Вл. Соколова. Алябьев А. Зимняя дорога / сл. А. Пушкина. Мусоргский М. Поздно вечером сидела : хор из оперы "Хованщина". Чайковский П. Уж вечер... : дуэт Лизы и Полины из оперы "Пиковая дама". Кюи Ц. Царскосельская статуя / сл. А. Пушкина ; перелож. для хора Ю. Славнитского. Раздел 3 : Произведения современных композиторов : Кабалевский Д. Школьные годы / сл. Е. Долматовского. Чичков Ю. Утро школьное, здравствуй! : из кантаты "Солнечные маршруты" / сл. К. Ибряева ; Ромашковая Русь / сл. М. Пляцковского. Петров А. Я шагаю по Москве : из кф. "Я шагаю по Москве" / сл. Г. Шпаликова. Шаинский В. Голубой вагон : из мф. "Старуха Шапокляк" / сл. Э. Успенского ; обраб. для дет. хора В. Попова. Дубравин Я. Про Емелю / сл. В. Суслова ; перелож. для хора А. Корюхина. Морозов А. В горнице / сл. Н. Рубцова ; обраб. для хора В. Самарина. Соснин С. Музыка всюду живет / сл. В. Семернина. Струве Г. Музыка / сл. И. Исаковой. Крылатов Е. Бьют часы на старой башне (Колокола) : из тф. "Приключения Электроника" / сл. Ю. Энтина ; перелож. для дет. хора С. Грибкова ; Прекрасное Далёко : из тф. "Гостья из Будущего" / сл. Ю. Энтина. Молчанов К. Журавлиная песня : из кф. "Доживем до понедельника" / сл. Г. Полонского
461 Уровень набора _0
1 2001
a Музыка в школе
v Вып. 3
1 2101
a Москва
c Музыка
d 2013 -
1 001RU/УОНБ/EK_N/591630552
464 Аналитический уровень _0
1 702 1
a Калистратов
b В.
4 030
1 2001
a Как по травкам, по муравкам
e русская народная песня
464 Аналитический уровень _0
1 036
t Где ты, где ты, где ты, колечко?..
1 702 1
a Соколов
b Вл.
4 030
1 702 1
a Александрова
b Э.
4 730
1 2001
a Где ты, колечко?
e греч. нар. песня
464 Аналитический уровень _0
1 036
t На лугу зеленом я пасу овечку...
1 702 1
a Соколов
b Вл.
4 030
1 702 1
a Объедов
b Ю.
4 730
1 2001
a Речка
e пол. нар. песня
464 Аналитический уровень _0
1 036
t В море синем...
1 702 1
a Татаринов
b В.
4 730
1 2001
a Русалка
e швед. нар. песня
464 Аналитический уровень _0
1 036
t В низенькой светелке огонек горит...
1 702 1
a Погребов
b С.
4 030
1 2001
a Пряха
e рус. нар. песня
464 Аналитический уровень _0
1 036
t Спи, мой сынок...
1 702 1
a Мельо
b В.
4 030
1 702 1
a Улицкий
b М.
4 730
1 2001
a Колыбельная
e неаполитанская нар. песня
464 Аналитический уровень _0
1 036
t В майский вечер над деревней светлый месяц тихо в небесах плывет...
1 702 1
a Габичвадзе
b Р.
4 030
1 702 1
a Арцыбашев
b М.
4 730
1 2001
a Чешская полька
464 Аналитический уровень _0
1 702 1
a Самарин
b В.
4 030
1 2001
a Как по морю
e рус. нар. песня
464 Аналитический уровень _0
1 700 1
a Лассо
b О.
1 2001
a Domine Deus
464 Аналитический уровень _0
1 700 1
a Бах
b И. С.
1 702 1
a Саркизов
b С.
4 030
1 2001
a Сицилиана
464 Аналитический уровень _0
1 700 1
a Перголези
b Дж.
1 702 1
a Рибутт
4 520
1 702 1
a Перевод неизвестного автора
4 730
1 2001
a Ах, зачем я не лужайка
464 Аналитический уровень _0
1 036
t В тихой печали...
1 700 1
a Гайдн
b Й.
1 702 1
a Мясоедов
b Н.
4 730
1 2001
a К дружбе
464 Аналитический уровень _0
1 036
t Повстречавшись с бабушкой, мой дед в двадцать лет...
1 700 1
a Бетховен
b Л. ван.
1 702 1
a Павлова
b М.
4 520
1 702 1
a Бартенева
b Л.
4 030
1 2001
a Менуэт
464 Аналитический уровень _0
1 036
t Песнь моя летит с мольбою тихо в час ночной...
1 700 1
a Шуберт
b Ф.
1 702 1
a Рельштаб
b Л.
4 520
1 702 1
a Огарев
b Н.
4 730
1 2001
a Серенада
e из цикла "Лебединая песнь"
1 50010
a Лебединая песнь
464 Аналитический уровень _0
1 700 1
a Кастальский
b А.
1 2001
a Тебе поем
e из Литургии
464 Аналитический уровень _0
1 700 1
a Чесноков
b П.
1 2001
a Благослови, душе моя, Господа
e из Литургии
464 Аналитический уровень _0
1 036
t Здравствуй, славная столица...
1 700 1
a Глинка
b М.
1 702 1
a Машистов
b А.
4 520
1 702 1
a Беззубов
b Г.
4 030
1 2001
a Патриотическая песня
464 Аналитический уровень _0
1 036
t Сквозь волнистые туманы...
1 700 1
a Алябьев
b А.
1 702 1
a Пушкин
b А.
4 520
1 2001
a Зимняя дорога
464 Аналитический уровень _0
1 700 1
a Мусоргский
b М.
1 2001
a Поздно вечером сидела
e хор из оперы "Хованщина"
1 50010
a Хованщина
464 Аналитический уровень _0
1 700 1
a Чайковский
b П.
1 2001
a Уж вечер...
e дуэт Лизы и Полины из оперы "Пиковая дама"
1 50010
a Пиковая дама
464 Аналитический уровень _0
1 036
t Урну с водой уронив...
1 700 1
a Кюи
b Ц.
1 702 1
a Пушкин
b А.
4 520
1 702 1
a Славнитский
b Ю.
4 030
1 2001
a Царскосельская статуя
464 Аналитический уровень _0
1 036
t В первый погожий, сентябрьский денек...
1 700 1
a Кабалевский
b Д.
1 702 1
a Долматовский
b Е.
4 520
1 2001
a Школьные годы
464 Аналитический уровень _0
1 036
t Опять, опять привычные заботы...
1 700 1
a Чичков
b Ю.
1 702 1
a Ибряев
b К.
4 520
1 2001
a Утро школьное, здравствуй!
e из кантаты "Солнечные маршруты"
1 50010
a Солнечные маршруты
464 Аналитический уровень _0
1 036
t Бывает, все на свете хорошо...
1 700 1
a Петров
b А.
1 702 1
a Шпаликов
b Г.
4 520
1 2001
a Я шагаю по Москве
e из кф. "Я шагаю по Москве"
1 50010
a Я шагаю по Москве
464 Аналитический уровень _0
1 036
t Медленно минуты уплывают вдаль...
1 700 1
a Шаинский
b В.
1 702 1
a Успенский
b Э.
4 520
1 702 1
a Попов
b В.
4 030
1 2001
a Голубой вагон
e из мф. "Старуха Шапокляк"
1 50010
a Старуха Шапокляк
464 Аналитический уровень _0
1 036
t Ой, как было у царя, у Гороха...
1 700 1
a Дубравин
b Я.
1 702 1
a Суслов
b В.
4 520
1 702 1
a Корюхин
b А.
4 030
1 2001
a Про Емелю
464 Аналитический уровень _0
1 036
t В горнице моей светло...
1 700 1
a Морозов
b А.
1 702 1
a Рубцов
b Н.
4 520
1 702 1
a Самарин
b В.
4 030
1 2001
a В горнице
464 Аналитический уровень _0
1 036
t Ветер чуть слышно поет...
1 700 1
a Соснин
b С.
1 702 1
a Семернин
b В.
4 520
1 2001
a Музыка всюду живет
464 Аналитический уровень _0
1 036
t Я хочу увидеть музыку...
1 700 1
a Струве
b Г.
1 702 1
a Исакова
b И.
4 520
1 2001
a Музыка
464 Аналитический уровень _0
1 700 1
a Крылатов
b Е.
1 702 1
a Энтин
b Ю.
4 520
1 702 1
a Грибков
b С.
4 030
1 2001
a Бьют часы на старой башне
e из тф. "Приключения Электроника"
1 50010
a Приключения Электроника
1 5171
a Колокола
464 Аналитический уровень _0
1 036
t Может быть, пора угомониться...
1 700 1
a Молчанов
b К.
1 702 1
a Полонский
b Г.
4 520
1 2001
a Журавлиная песня
e из кф. "Доживем до понедельника"
1 50010
a Доживем до понедельника
464 Аналитический уровень _0
1 702 1
a Калистратов
b В.
4 030
1 2001
a Уж ты, сад
e русская народная песня
464 Аналитический уровень _0
1 036
t Дым столбом, кипит, дымится пароход!..
1 700 1
a Глинка
b М.
1 702 1
a Кукольник
b Н.
4 520
1 702 1
a Соколов
b Вл.
4 030
1 2001
a Попутная песня
464 Аналитический уровень _0
1 036
t Плывут туманы белые...
1 700 1
a Чичков
b Ю.
1 702 1
a Пляцковский
b М.
4 520
1 2001
a Ромашковая Русь
464 Аналитический уровень _0
1 036
t Слышу голос из Прекрасного Далёка...
1 700 1
a Крылатов
b Е.
1 702 1
a Энтин
b Ю.
4 520
1 2001
a Прекрасное Далёко
e из тф. "Гостья из будущего"
1 50010
a Гостья из будущего
606 Тематические рубрики 0_
a Основная рубрика Детские песни
x Основная подрубрика Песни и хоры
x Основная подрубрика Учебные пособия
610 Ключевые слова 0_
a Ключевые слова музыка в школе
610 Ключевые слова 0_
a Ключевые слова учебные пособия
610 Ключевые слова 0_
a Ключевые слова песни и хоры детские
686 Индексы других классификаций __
a Классификационный индекс 85.98я72
2 Код системы rubbk
702 Вторичная интеллектуальная ответственность _1
a Фамилия Уколова
b Имя (инициалы) Л. И.
4 Код отношения 220
702 Вторичная интеллектуальная ответственность _1
a Фамилия Осеннева
b Имя (инициалы) М. С.
4 Код отношения 220
801 Источник записи _0
a Страна RU
b Организация Ульяновская ОНБ
c Дата составления 20190227
g Правила каталогизации RCR
801 Источник записи _1
a Страна RU
b Организация Ульяновская ОНБ
c Дата составления 20190227
g Правила каталогизации RCR
901 Тип документа __
t Тип документа n
w Контрольный № источника RU/УОНБ/EK_N/591630552
909 Создатель записи __
a Создатель записи Грязнова И. Е.
910 Корректоры записи __
a Корректор записи Грязнова И. Е.
b Дата внесения изменения в запись 20260403